KOHA-Header-6

Ghalib : Her Sade Ka Shaher (Record no. 7363)

000 -LEADER
fixed length control field 00271nam a2200109Ia 4500
100 ## - MAIN ENTRY--AUTHOR NAME
Personal name Syed Aftab Alam
245 #0 - TITLE STATEMENT
Title Ghalib : Her Sade Ka Shaher
260 ## - PUBLICATION, DISTRIBUTION, ETC. (IMPRINT)
Place of publication Karachi
Name of publisher Dost Publications
Year of publication 2016
300 ## - PHYSICAL DESCRIPTION
Number of Pages 350
942 ## - ADDED ENTRY ELEMENTS (KOHA)
Koha item type Books
Holdings
Withdrawn status Lost status Collection code Permanent Location Current Location Shelving location Date acquired Full call number Accession Number Koha item type
    Urdu Literature MAJU MAJU   2019-09-12 891.11 1220 Urdu Literature

Powered by Koha